Länder, die am meisten Wein produzieren - Statistiken

Allgemein
  • Dieses Quiz wurde 383 mal gespielt
  • Das Durchschnittsergebnis liegt bei 13 aus 20
Antwortstatistiken
Tonnen Land % Korrekt
920 200 Deutschland
97%
4 796 600 Italien
97%
4 293 466 Frankreich
95%
4 607 850 Spanien
95%
3 300 000 Vereinigte Staaten
94%
603 327 Portugal
86%
334 300 Griechenland
79%
1 186 343 Australien
75%
1 700 000 China
74%
199 869 Österreich
74%
1 498 380 Argentinien
69%
273 100 Brasilien
59%
1 214 000 Chile
57%
1 146 006 Südafrika
57%
327 400 Russland
55%
320 400 Neuseeland
47%
258 520 Ungarn
42%
378 283 Rumänien
30%
198 183 Serbien
27%
149 850 Moldawien
7%
Keine übereinstimmenden Quizze gefunden
Verteilung der Resultate
Anzahl Personen mit jedem Resultat
Perzentil nach korrekt beantworteten Fragen
Ihre Resultats-Entwicklung
Sie haben dieses Quiz noch nicht gespielt